000 00743 a2200169 4500
003 Nust
005 20221227124137.0
040 _cNust
082 _a297.122, BEL
100 _aRichard Bell
_9106036
245 _aIntroduction to the Quran
_cRichard Bell
260 _aCanda
_bThe edinburch universty press
_c1958
300 _aviii,190 p.;
505 _aThe Historical Situation And Muhammad (Page-)1, The Origin Of Quran (Page-37), The Form Of The Quran (Page-51), The Structure And Style Of Quran (Page-67), The Compilation Of The Surahs (Page-82), The Chronological Order Of The Quran (Page-100), Stages In The Growth Of The Quran (Page-115), Contents And Sources Of The Quran (Page-139).
650 _aQuran
_9104355
942 _2ddc
_cBK
999 _c193685
_d193685